000 00485cam a22001577a 4500
008 180718b2002 xxu||||| |||| 00| 0 eng d
082 _aT4 R564
100 _aMarguerite S. Robinson
245 _aThe micro finance revolution: lessons from Indonesia in 2 volumes
_cby Marguerite S. Robinson
260 _aWashington, D.C.
_bWorld Bank
_c2002
300 _a463p.
650 _aFinance
650 _aBanks and banking
650 _aFinancial institutions
650 _aRural development
999 _c287751
_d287751